书目信息 |
| 题名: |
养殖水环境化学
|
|
| 作者: | 刘长发 主编 | |
| 分册: | ||
| 出版信息: | 北京 中国农业出版社 2019.12 |
|
| 页数: | 299页 | |
| 开本: | 26cm | |
| 丛书名: | ||
| 单 册: | ||
| 中图分类: | S912 | |
| 科图分类: | ||
| 主题词: | 渔业--基础科学 | |
| 电子资源: | ||
| ISBN: | 7-109-26108-5 | |
| 000 | 00582nam0 2200193 450 | |
| 001 | 2361178194 | |
| 005 | 20230216170113.80 | |
| 010 | @a7-109-26108-5@dCNY45.00 | |
| 100 | @a20230216d2019 km y0chiy0120 ea | |
| 101 | 0 | @achi |
| 102 | @aCN@b110000 | |
| 200 | 1 | @a养殖水环境化学@AYang Zhi Shui Huan Jing Hua Xue@f刘长发主编@FLiu Chang Fa Zhu Bian |
| 210 | @a北京@c中国农业出版社@d2019.12 | |
| 215 | @a299页@d26cm | |
| 606 | 0 | @a渔业@x基础科学 |
| 690 | @aS912@v4 | |
| 701 | 0 | @a刘长发@ALiu Chang Fa@4主编 |
| 801 | 0 | @aCN@b大连网信软件有限公司图书馆·11@c20230216 |
| 905 | @aZUCC@dS912@e70 | |
| 养殖水环境化学/刘长发主编.-北京:中国农业出版社,2019.12 |
| 299页;26cm |
| ISBN 7-109-26108-5:CNY45.00 |
| ● |
| 相关链接 |
|
|
|
|
正题名:养殖水环境化学
索取号:S912/70
 
预约/预借
| 序号 | 登录号 | 条形码 | 馆藏地/架位号 | 状态 | 备注 |
| 1 | 1052693 | 210526938 | 第二样本阅览室/ [索取号:S912/70] | 在馆 |